000 00984nam a22002897a 4500
001 BR7500003
003 BR-BrBNA
005 20230928084703.0
007 ta
008 230509b bl.||||| |||| 00| 0 por d
040 _aBR-BrBNA
_bpor
_cBiblioteca Nacional de Agricultura
041 _a(Por)
072 _aQ10; E10
_b9910
_b/G514
090 _ 9910 BR7500003
110 1 _aAssociacao Brasileira da Industria de Torrefacao e Moagem de Cafe, Rio de Janeiro, GB;
_9185
110 1 _aInstituto de Desenvolvimento da Guanabara, Rio de Janeiro (Brasil)
_96008
245 1 _aConsideracoes sobre a crise da industria de torrefacao e moagem de cafe [Brasil]
260 3 _aRio de Janeiro, GB (Brasil):
_c1973.
300 _a35 p.
500 _a(*) Documento disponível no(a) Instituto Brasileiro do Cafe, Rio de Janeiro, RJ
650 _aCAFE
650 _aTORREFACAO
650 _aMOAGEM
650 _aCUSTO DE PRODUCAO
909 _a202309
_bLucia
_c55
_dLucia Elande
942 _cBK
999 _c20497
_d20497